000 00340nam a2200133Ia 4500
005 20260328104304.0
008 260328s9999||||xx |||||||||||||| ||und||
100 _aRoberts, Caroline
245 0 _aGraphic Design visionaries /
_cCaroline Roberts
260 _bLaurence King
300 _a311 p.
650 _aDISEÑO GRÁFICO
942 _cBK
999 _c10681
_d10681